| 000 | 00578nam a2200229Ia 4500 | ||
|---|---|---|---|
| 008 | 160803s9999 xx 000 0 und d | ||
| 020 | _a9780439455176 | ||
| 100 | _aCherrington, Janelle | ||
| 245 | _aWhat bears like / | ||
| 245 | _cwritten by Janelle Cherrington. | ||
| 260 | _aNew York : | ||
| 260 | _bScholastic Inc. | ||
| 260 | _c2013 | ||
| 300 | _a8 pages : | ||
| 300 | _bcolor illustrations ; | ||
| 300 | _c21 x 23 cm | ||
| 650 | _aBears -- | ||
| 650 | _aBears -- Behavior -- | ||
| 650 | _xBehavior. | ||
| 650 | _xJuvenile literature. | ||
| 700 | _aBR | ||
| 999 |
_c298134 _d298134 |
||